Accessibility of rural credit in northern Nicaragua: the importance of networks of information and recommendation /
Na minha lista:
| Autor principal: | |
|---|---|
| Formato: | Texto |
| Assuntos: | |
| Tags: |
Adicionar Tag
Sem tags, seja o primeiro a adicionar uma tag!
|
MARC
| LEADER | 00000 a a2200000 04500 | ||
|---|---|---|---|
| 001 | 17317 | ||
| 003 | |||
| 040 | |||
| 100 | |a Vaessen, Jos | ||
| 245 | |a Accessibility of rural credit in northern Nicaragua: |b the importance of networks of information and recommendation / |c Jos Vaessen | ||
| 650 | |a CREDITO RURAL | ||
| 650 | |a POBLACION RURAL | ||
| 650 | |a ORGANIZACIONES NO GUBERNAMENTALES | ||
| 650 | |a NICARAGUA | ||
| 773 | |g volumen 25, número 1; páginas 5-32 | ||
| 999 | |c 21110 |d 21110 | ||
